[Event "Junior Online 4NCL Division 5"]
[Site "online"]
[Date "2020.04.16"]
[Round "1.35"]
[White "Zheng, Kevin"]
[Black "Hanache, Kai"]
[Result "1-0"]
[WhiteElo "1300"]
[BlackElo "1217"]
[PlyCount "119"]
[EventDate "2020.04.16"]
[WhiteTeam "Liverpool 2"]
[BlackTeam "Hammersmith 3"]

1. e4 e5 2. Nf3 Nc6 3. Bb5 Bc5 4. O-O d6 5. h3 Nf6 6. d3 O-O 7. Bg5 h6 8. Bh4
d5 9. exd5 Qxd5 10. Nc3 Qd8 11. Re1 Re8 12. Bxc6 bxc6 13. Nxe5 Qd4 14. Nf3
Rxe1+ 15. Qxe1 Qb4 16. Rb1 Be6 17. a3 Qb7 18. Bg3 Re8 19. Qd2 Nd5 20. d4 Nxc3
21. Qxc3 Bd6 22. Bxd6 cxd6 23. Re1 Re7 24. Nd2 Bd5 25. Rxe7 Qxe7 26. Qe3 Qb7
27. Nb3 Bxb3 28. Qxb3 Qxb3 29. cxb3 Kf8 30. Kf1 Ke7 31. Ke2 d5 32. a4 Kd6 33.
Kd3 c5 34. f3 a5 35. Kc3 cxd4+ 36. Kxd4 f6 37. b4 axb4 38. a5 Kc6 39. a6 Kb6
40. Kxd5 Kxa6 41. Kc4 Ka5 42. b3 g5 43. g3 f5 44. g4 f4 45. Kc5 Ka6 46. Kxb4
Kb6 47. Kc4 Kc6 48. b4 Kc7 49. b5 Kb7 50. Kc5 Kc7 51. b6+ Kb7 52. Kb5 Kc8 53.
Kc6 Kb8 54. b7 Ka7 55. Kc7 Ka6 56. b8=Q Ka5 57. Kc6 Ka4 58. Kc5 Ka3 59. Kc4 Ka2
60. Kc3 1-0

[Event "Junior Online 4NCL Division 5"]
[Site "online"]
[Date "2020.04.16"]
[Round "1.36"]
[White "Yang, Rachel"]
[Black "Enshaeian, Arad"]
[Result "0-1"]
[WhiteElo "1180"]
[BlackElo "1225"]
[PlyCount "130"]
[EventDate "2020.04.16"]
[WhiteTeam "Hammersmith 3"]
[BlackTeam "Liverpool 2"]

1. e4 e5 2. Nf3 Nc6 3. Bb5 d6 4. O-O Bg4 5. h3 Bh5 6. Nc3 Nf6 7. d3 h6 8. Be3
d5 9. exd5 Nxd5 10. Nxd5 Qxd5 11. c4 Qd7 12. Nxe5 Bxd1 13. Nxd7 Be2 14. Rfe1
Bxd3 15. Bxc6 bxc6 16. Ne5 Be4 17. Rad1 Bd6 18. Nd3 Bxd3 19. Rxd3 O-O 20. c5
Be5 21. b4 Rad8 22. Red1 Rxd3 23. Rxd3 Bf6 24. Rd7 Be5 25. a4 Rc8 26. b5 cxb5
27. axb5 Rb8 28. Re7 f6 29. b6 axb6 30. cxb6 cxb6 31. Rd7 b5 32. Rd3 b4 33. Rb3
Kf7 34. Bc5 Bc3 35. Kf1 Ke6 36. Ke2 Kd5 37. Ba7 Rb7 38. Be3 Kc4 39. Rb1 b3 40.
Kd1 b2 41. Kc2 g6 42. g4 g5 43. f4 gxf4 44. Bxf4 Re7 45. Bg3 Re2+ 46. Kd1 Rg2
47. Bf4 Kb3 48. Bxh6 Rg1+ 49. Ke2 Rxb1 50. Kd3 Ra1 51. Ke3 b1=Q 52. Kf4 Ra5 53.
Kg3 Qe4 54. Kh4 f5 55. Kh5 fxg4+ 56. Kh4 gxh3+ 57. Kxh3 Rh5+ 58. Kg3 Rxh6 59.
Kf2 Rf6+ 60. Kg3 Be5+ 61. Kh3 Qg6 62. Kh4 Rf4+ 63. Kh3 Qg4+ 64. Kh2 Rf2+ 65.
Kh1 Qg2# 0-1

[Event "Junior Online 4NCL Division 5"]
[Site "online"]
[Date "2020.04.16"]
[Round "1.37"]
[White "King, Alex"]
[Black "Hatem, Noah"]
[Result "1-0"]
[WhiteElo "1127"]
[BlackElo "1135"]
[PlyCount "59"]
[EventDate "2020.04.16"]
[WhiteTeam "Liverpool 2"]
[BlackTeam "Hammersmith 3"]

1. d4 d5 2. c4 dxc4 3. e3 Nf6 4. Bxc4 Nc6 5. Nc3 g6 6. Nf3 Bg7 7. O-O O-O 8. a3
Be6 9. d5 Na5 10. dxe6 Nxc4 11. exf7+ Rxf7 12. Qb3 Qd3 13. Rd1 Na5 14. Qxf7+
Kxf7 15. Ng5+ Kg8 16. Rxd3 Nb3 17. Rb1 Bh6 18. Ne6 Kf7 19. Nxc7 Rc8 20. N7d5
Nd7 21. Nb4 Bg7 22. Rxd7 Bxc3 23. bxc3 Rxc3 24. Bb2 Rc4 25. h3 Ke6 26. Rbd1 a5
27. Nd5 Rc2 28. Nf4+ Kf5 29. R1d5+ Ke4 30. Re5# 1-0

[Event "Junior Online 4NCL Division 5"]
[Site "online"]
[Date "2020.04.16"]
[Round "1.38"]
[White "Singh, Simran"]
[Black "Korsinskij, Alexander"]
[Result "0-1"]
[WhiteElo "1120"]
[BlackElo "1082"]
[PlyCount "30"]
[EventDate "2020.04.16"]
[WhiteTeam "Hammersmith 3"]
[BlackTeam "Liverpool 2"]

1. e4 e5 2. Nf3 Nc6 3. Nc3 Nf6 4. Bc4 Bb4 5. d3 O-O 6. Bg5 Nd4 7. O-O h6 8. Bh4
d5 9. Nxd5 Bg4 10. Nxf6+ gxf6 11. c3 Nxf3+ 12. gxf3 Bh5 13. cxb4 Kh8 14. Kh1
Rg8 15. Qc1 Bxf3# 0-1

[Event "Junior Online 4NCL Division 5"]
[Site "online"]
[Date "2020.04.16"]
[Round "1.39"]
[White "Hanache, Kai"]
[Black "Zheng, Kevin"]
[Result "1/2-1/2"]
[WhiteElo "1217"]
[BlackElo "1300"]
[PlyCount "63"]
[EventDate "2020.04.16"]
[WhiteTeam "Hammersmith 3"]
[BlackTeam "Liverpool 2"]

1. e4 e6 2. Nf3 d5 3. exd5 exd5 4. d4 Nf6 5. Nc3 Bb4 6. Bd2 c5 7. dxc5 Bxc5 8.
Bb5+ Nc6 9. Ne5 Qe7 10. Qe2 Bd7 11. Nxd7 Qxe2+ 12. Nxe2 Nxd7 13. O-O O-O 14. b4
Bd6 15. Rac1 Nf6 16. c4 Bxb4 17. cxd5 Bxd2 18. dxc6 bxc6 19. Bxc6 Bxc1 20. Bxa8
Rxa8 21. Rxc1 h6 22. h3 Rb8 23. Rc7 a6 24. Ra7 Rb2 25. Ng3 Rxa2 26. Kf1 Ne8 27.
Ra8 Kf8 28. Ne4 Ke7 29. Ra7+ Kf8 30. Nc5 Nd6 31. Rxa6 Rxa6 32. Nxa6 1/2-1/2

[Event "Junior Online 4NCL Division 5"]
[Site "online"]
[Date "2020.04.16"]
[Round "1.40"]
[White "Enshaeian, Arad"]
[Black "Yang, Rachel"]
[Result "1-0"]
[WhiteElo "1225"]
[BlackElo "1180"]
[PlyCount "83"]
[EventDate "2020.04.16"]
[WhiteTeam "Liverpool 2"]
[BlackTeam "Hammersmith 3"]

1. e4 c5 2. Nf3 Nc6 3. Nc3 Nf6 4. d4 cxd4 5. Nxd4 Nxd4 6. Qxd4 d6 7. e5 dxe5 8.
Qxd8+ Kxd8 9. Bc4 e6 10. Bg5 h6 11. Bxf6+ gxf6 12. O-O-O+ Bd7 13. Bb5 Rg8 14.
Rxd7+ Kc8 15. Rxf7 f5 16. Bd7+ Kd8 17. Rd1 Be7 18. Bxe6+ Ke8 19. Rxe7+ Kxe7 20.
Bxg8 Rxg8 21. Nd5+ Ke6 22. Nc7+ Ke7 23. Nd5+ Ke6 24. f4 Rxg2 25. fxe5 Kxe5 26.
Ne3 Re2 27. Nc4+ Ke6 28. Rd6+ Ke7 29. Rxh6 Re1+ 30. Kd2 Re4 31. Na3 Rd4+ 32.
Kc3 Re4 33. Rh7+ Kf6 34. Rxb7 a5 35. Ra7 Ra4 36. Kb3 Rh4 37. Rxa5 Rxh2 38. Nc4
f4 39. Kb4 f3 40. Ra8 f2 41. a4 f1=Q 42. Rf8+ 1-0

[Event "Junior Online 4NCL Division 5"]
[Site "online"]
[Date "2020.04.16"]
[Round "1.41"]
[White "Hatem, Noah"]
[Black "King, Alex"]
[Result "1-0"]
[WhiteElo "1135"]
[BlackElo "1127"]
[PlyCount "67"]
[EventDate "2020.04.16"]
[WhiteTeam "Hammersmith 3"]
[BlackTeam "Liverpool 2"]

1. e4 e5 2. Nf3 Nc6 3. d4 d6 4. d5 Nce7 5. Nc3 Nf6 6. Bc4 Bg4 7. h3 Bh5 8. g4
Bg6 9. Be3 Nxe4 10. Qe2 Nxc3 11. bxc3 Be4 12. Bd2 Bxd5 13. Bg5 Bxc4 14. Qxc4
Qd7 15. Bh4 O-O-O 16. Ng5 Rg8 17. Qxf7 Qe8 18. Qb3 h6 19. Rb1 b6 20. Ne6 Rd7
21. a4 g5 22. Bg3 Nc6 23. Nxf8 Rxf8 24. Qb5 Rd8 25. Qa6+ Kb8 26. O-O Qg6 27.
Qb5 Qe8 28. Qa6 Qg6 29. Qb5 Ne7 30. a5 Qxc2 31. axb6 axb6 32. Ra1 Qxc3 33. Qa6
Qc2 34. Qa8# 1-0

[Event "Junior Online 4NCL Division 5"]
[Site "online"]
[Date "2020.04.16"]
[Round "1.42"]
[White "Korsinskij, Alexander"]
[Black "Singh, Simran"]
[Result "0-1"]
[WhiteElo "1082"]
[BlackElo "1120"]
[PlyCount "44"]
[EventDate "2020.04.16"]
[WhiteTeam "Liverpool 2"]
[BlackTeam "Hammersmith 3"]

1. e4 e5 2. Nf3 Nc6 3. Bc4 h6 4. Nc3 Nf6 5. a3 Bc5 6. d4 exd4 7. Nd5 O-O 8. e5
Ne4 9. O-O d6 10. exd6 Bxd6 11. Re1 Nc5 12. b4 Ne6 13. b5 Ne7 14. Nxe7+ Qxe7
15. Nxd4 Qf6 16. Bxe6 Bxe6 17. Nxe6 fxe6 18. Qe2 Qxa1 19. Qxe6+ Kh8 20. Bxh6
Qf6 21. Qd7 Qxf2+ 22. Kh1 Qxe1# 0-1

[Event "Junior Online 4NCL Division 5"]
[Site "online"]
[Date "2020.04.16"]
[Round "1.45"]
[White "Salussolia, Louis"]
[Black "Allen, George"]
[Result "1-0"]
[WhiteElo "1442"]
[BlackElo "1382"]
[PlyCount "131"]
[EventDate "2020.04.16"]
[WhiteTeam "May the Fork Be With You 1"]
[BlackTeam "KJCA Young Kestrels E"]

1. e4 e5 2. Nf3 Nc6 3. d4 d5 4. Nc3 Nf6 5. dxe5 Nxe4 6. Nxd5 Bg4 7. Qd3 Bf5 8.
Qd1 Bc5 9. Be3 Bxe3 10. Nxe3 Bg6 11. Bb5 O-O 12. Bxc6 bxc6 13. Qxd8 Rfxd8 14.
Rc1 h6 15. Rd1 Rab8 16. Rxd8+ Rxd8 17. Ke2 Bh5 18. h3 Rd2+ 19. Ke1 Bxf3 20.
gxf3 Rxf2 21. fxe4 Kf8 22. Rf1 Rxf1+ 23. Kxf1 Ke7 24. Kf2 g6 25. Kf3 Ke6 26.
Kf4 g5+ 27. Kg4 Kxe5 28. Nf5 Kxe4 29. Nxh6 f6 30. Ng8 Ke5 31. c3 f5+ 32. Kf3 f4
33. Ne7 c5 34. Nc6+ Kf5 35. Nxa7 Ke5 36. c4 Kd4 37. b3 Kc3 38. Nb5+ Kb2 39.
Nxc7 Kxa2 40. Ne6 Kxb3 41. Nxc5+ Kxc4 42. Ne4 Kd4 43. Nxg5 Ke5 44. h4 Kf5 45.
Ne4 Kg6 46. Kxf4 Kh5 47. Kg3 Kg6 48. Kg4 Kh6 49. h5 Kh7 50. Ng5+ Kh6 51. Kh4
Kg7 52. Ne6+ Kh6 53. Kg4 Kh7 54. Kg5 Kh8 55. h6 Kh7 56. Nf4 Kg8 57. Ng6 Kh7 58.
Kh5 Kg8 59. Ne7+ Kh7 60. Kg5 Kh8 61. Kf6 Kh7 62. Nf5 Kg8 63. Kg6 Kh8 64. Nd6
Kg8 65. h7+ Kh8 66. Nf7# 1-0

[Event "Junior Online 4NCL Division 5"]
[Site "online"]
[Date "2020.04.16"]
[Round "1.46"]
[White "Watson, Scarlet"]
[Black "Walia, Michael Kanishk"]
[Result "0-1"]
[WhiteElo "1232"]
[BlackElo "1330"]
[PlyCount "70"]
[EventDate "2020.04.16"]
[WhiteTeam "KJCA Young Kestrels E"]
[BlackTeam "May the Fork Be With You 1"]

1. d4 d5 2. c4 e6 3. Nc3 Nf6 4. g3 Nbd7 5. Bg2 c6 6. Bg5 Qa5 7. e3 dxc4 8. Nge2
Qxg5 9. Qd2 Qa5 10. O-O Be7 11. Qc2 O-O 12. Rad1 c5 13. Rfe1 cxd4 14. exd4 Rb8
15. d5 exd5 16. Nxd5 Nxd5 17. Rxd5 Qxe1+ 18. Bf1 Qb4 19. a3 Qb6 20. Rh5 Nf6 21.
Re5 Bd6 22. Re3 Bc5 23. Rf3 Bg4 24. Rf4 Bh5 25. Qxc4 Bg6 26. Nc3 Bd6 27. Na4
Qd8 28. Rd4 Rc8 29. Qe2 Re8 30. Qf3 Be4 31. Qc3 Rxc3 32. Nxc3 Bc6 33. b4 Qb6
34. Rxd6 Ng4 35. b5 Qxf2# 0-1

[Event "Junior Online 4NCL Division 5"]
[Site "online"]
[Date "2020.04.16"]
[Round "1.47"]
[White "Shah, Rahul"]
[Black "Heard, Ben"]
[Result "0-1"]
[WhiteElo "1360"]
[BlackElo "1240"]
[PlyCount "62"]
[EventDate "2020.04.16"]
[WhiteTeam "May the Fork Be With You 1"]
[BlackTeam "KJCA Young Kestrels E"]

1. d4 d5 2. c4 c6 3. Nf3 Nf6 4. Nc3 e6 5. Bg5 h6 6. Bh4 Be7 7. e3 O-O 8. Bd3
Na6 9. a3 Bd7 10. O-O b5 11. cxb5 cxb5 12. Nxb5 Ne4 13. Bxe7 Qxe7 14. Ne5 f6
15. Nxd7 Qxd7 16. Rc1 Rac8 17. Qa4 Nac5 18. dxc5 Nxc5 19. Qd1 Nxd3 20. Qxd3
Rxc1 21. Rxc1 Rc8 22. Rxc8+ Qxc8 23. b4 a6 24. Nd6 Qc1+ 25. Qf1 Qxa3 26. b5
Qxd6 27. bxa6 Qb8 28. h3 e5 29. Qd3 Qa8 30. Qd4 exd4 31. exd4 Qxa6 0-1

[Event "Junior Online 4NCL Division 5"]
[Site "online"]
[Date "2020.04.16"]
[Round "1.48"]
[White "Oprea, Lucas"]
[Black "Barbier-Ramaiah, Riya Aude"]
[Result "0-1"]
[WhiteElo "1262"]
[BlackElo "1337"]
[PlyCount "110"]
[EventDate "2020.04.16"]
[WhiteTeam "KJCA Young Kestrels E"]
[BlackTeam "May the Fork Be With You 1"]

1. e4 c6 2. Nf3 d5 3. Nc3 dxe4 4. Nxe4 Bf5 5. Nc3 Nf6 6. Bc4 e6 7. Ng5 h6 8.
Nf3 Be7 9. O-O O-O 10. Nh4 Nbd7 11. Nxf5 b5 12. Nxe7+ Qxe7 13. Bd3 a6 14. Be2
Qd6 15. Bf3 Ne5 16. d4 Nxf3+ 17. Qxf3 Qxd4 18. Be3 Qd6 19. Ne4 Nxe4 20. Qxe4
Rfd8 21. Rad1 Qxd1 22. h3 Qd5 23. Qxd5 Rxd5 24. Re1 Rad8 25. Bb6 Rd1 26. Rxd1
Rxd1+ 27. Kh2 Rd2 28. Be3 Rxc2 29. Bd4 c5 30. Be5 c4 31. b3 cxb3 32. axb3 f6
33. Bd6 Rxf2 34. b4 Ra2 35. Kg1 a5 36. bxa5 Rxa5 37. Bb4 Ra4 38. Bc5 b4 39. Bd4
b3 40. Kf1 Rb4 41. Ke1 b2 42. Bxb2 Rxb2 43. Kd1 Rxg2 44. h4 Rh2 45. h5 Rxh5 46.
Ke2 Rg5 47. Ke3 h5 48. Kf4 h4 49. Kf3 h3 50. Kf2 h2 51. Ke2 h1=Q 52. Ke3 Qh4
53. Kd2 Rg3 54. Kc2 Qh2+ 55. Kc1 Rg1# 0-1

[Event "Junior Online 4NCL Division 5"]
[Site "online"]
[Date "2020.04.16"]
[Round "1.49"]
[White "Allen, George"]
[Black "Salussolia, Louis"]
[Result "1-0"]
[WhiteElo "1382"]
[BlackElo "1442"]
[PlyCount "69"]
[EventDate "2020.04.16"]
[WhiteTeam "KJCA Young Kestrels E"]
[BlackTeam "May the Fork Be With You 1"]

1. b4 e5 2. Bb2 Bxb4 3. Bxe5 Nc6 4. Bxg7 f6 5. Bxh8 h6 6. a3 Bc5 7. e3 Qe7 8.
Nf3 Qh7 9. d4 Bb6 10. a4 a6 11. a5 Bxa5+ 12. c3 Qxh8 13. d5 f5 14. dxc6 Bxc3+
15. Nxc3 Qxc3+ 16. Nd2 dxc6 17. Be2 f4 18. exf4 Qg7 19. O-O Bh3 20. Bh5+ Kf8
21. Bf3 Rd8 22. Re1 Rd3 23. Rb1 Rxf3 24. Qxf3 Bg4 25. Qg3 Nf6 26. h3 Nh5 27.
Qxg4 Qxg4 28. hxg4 Nxf4 29. Rxb7 Nd3 30. Re3 Nb2 31. Rxb2 c5 32. Rb7 c6 33. Ra3
Ke8 34. Rxa6 Kd8 35. Ra8# 1-0

[Event "Junior Online 4NCL Division 5"]
[Site "online"]
[Date "2020.04.16"]
[Round "1.50"]
[White "Walia, Michael Kanishk"]
[Black "Watson, Scarlet"]
[Result "0-1"]
[WhiteElo "1330"]
[BlackElo "1232"]
[PlyCount "62"]
[EventDate "2020.04.16"]
[WhiteTeam "May the Fork Be With You 1"]
[BlackTeam "KJCA Young Kestrels E"]

1. e4 d5 2. exd5 Nf6 3. Nf3 Nxd5 4. Bc4 Nf6 5. O-O g6 6. Nc3 Bg7 7. d3 Nc6 8.
Re1 Bg4 9. h3 Bf5 10. Bg5 h6 11. Bxf6 Bxf6 12. Nd5 Bg7 13. Qd2 O-O 14. Rad1 e6
15. Nc3 Nd4 16. Nxd4 Bxd4 17. Kh1 a6 18. a3 b5 19. Bb3 c6 20. Qxh6 Bg7 21. Qd2
e5 22. Qc1 Bd7 23. Kg1 c5 24. Ne4 Bc6 25. Nxc5 Re8 26. Ne4 Qc7 27. Ng3 Rad8 28.
c3 a5 29. d4 Bb7 30. dxe5 Qc6 31. Rxd8 Qxg2# 0-1

[Event "Junior Online 4NCL Division 5"]
[Site "online"]
[Date "2020.04.16"]
[Round "1.51"]
[White "Heard, Ben"]
[Black "Shah, Rahul"]
[Result "0-1"]
[WhiteElo "1240"]
[BlackElo "1360"]
[PlyCount "44"]
[EventDate "2020.04.16"]
[WhiteTeam "KJCA Young Kestrels E"]
[BlackTeam "May the Fork Be With You 1"]

1. e4 c5 2. Nc3 Nc6 3. Nf3 d6 4. h3 Nf6 5. Bc4 g6 6. O-O Bg7 7. d3 O-O 8. d4
cxd4 9. Nxd4 a6 10. Nf3 b5 11. Bd5 Bb7 12. e5 Nxd5 13. Nxd5 Nxe5 14. Nxe5 Bxe5
15. Be3 Bxb2 16. Rb1 Be5 17. Bb6 Qd7 18. Be3 e6 19. Nb6 Qc6 20. f3 Rad8 21. f4
Bf6 22. a3 Qxg2# 0-1

[Event "Junior Online 4NCL Division 5"]
[Site "online"]
[Date "2020.04.16"]
[Round "1.52"]
[White "Barbier-Ramaiah, Riya Aude"]
[Black "Oprea, Lucas"]
[Result "1-0"]
[WhiteElo "1337"]
[BlackElo "1262"]
[PlyCount "73"]
[EventDate "2020.04.16"]
[WhiteTeam "May the Fork Be With You 1"]
[BlackTeam "KJCA Young Kestrels E"]

1. e4 e5 2. Nf3 Nc6 3. d4 exd4 4. Nxd4 d6 5. Bb5 Nf6 6. Nxc6 bxc6 7. Bxc6+ Bd7
8. Bxa8 Qxa8 9. O-O Qxe4 10. Re1 Bg4 11. Qd3 Qxe1+ 12. Qf1 Qe4 13. h3 Be2 14.
Qe1 Bh5 15. Qxe4+ Nxe4 16. Be3 Ke7 17. Nc3 g6 18. Re1 Bg7 19. Bg5+ Bf6 20.
Bxf6+ Kxf6 21. Nxe4+ Kf5 22. Ng3+ Kf6 23. Nxh5+ gxh5 24. Re4 Rg8 25. Rf4+ Ke5
26. Rxf7 Ke6 27. Rxc7 Re8 28. Rxa7 Re7 29. Rxe7+ Kxe7 30. Kf1 Ke6 31. Ke2 Kd5
32. Kd3 Kc5 33. a4 Kb6 34. Kd4 Ka5 35. c4 Kxa4 36. Kd5 Kb4 37. f4 1-0

[Event "Junior Online 4NCL Division 5"]
[Site "online"]
[Date "2020.04.16"]
[Round "1.55"]
[White "Smith, Mia"]
[Black "Lyons, Joseph"]
[Result "0-1"]
[WhiteElo "1075"]
[BlackElo "1277"]
[PlyCount "83"]
[EventDate "2020.04.16"]
[WhiteTeam "Harrow Juniors G"]
[BlackTeam "May the Fork Be With You 2"]

1. e4 e5 2. Nf3 Nc6 3. Nc3 Nf6 4. Bb5 Be7 5. d3 a6 6. Bxc6 dxc6 7. O-O O-O 8.
Be3 Ng4 9. Qe2 b6 10. h3 Nf6 11. Rad1 Nd7 12. d4 Bf6 13. dxe5 Be7 14. Rd3 Qe8
15. Rfd1 Nc5 16. Bxc5 Bxc5 17. Na4 Qe7 18. b4 Bxb4 19. Rb1 Ba5 20. Qe3 Qe6 21.
Rbd1 Bb7 22. c3 Qxa2 23. Qd2 Qxd2 24. R1xd2 h6 25. Ne1 c5 26. Re2 Rad8 27. f3
c4 28. Rdd2 Bc6 29. Nb2 Bxc3 30. Rc2 Bxb2 31. Rxb2 Rd1 32. Ra2 a5 33. Kh2 Re8
34. Nc2 Rxe5 35. Ra3 Rc1 36. Rc3 b5 37. Kg3 b4 38. Rxc4 Bb5 39. Kf4 f6 40. Rxc7
Bxe2 41. Nd4 Rxc7 42. Nxe2 0-1

[Event "Junior Online 4NCL Division 5"]
[Site "online"]
[Date "2020.04.16"]
[Round "1.56"]
[White "Joshi, Aarav"]
[Black "Patel-Davis, Riyan"]
[Result "1-0"]
[WhiteElo "1150"]
[BlackElo "902"]
[PlyCount "113"]
[EventDate "2020.04.16"]
[WhiteTeam "May the Fork Be With You 2"]
[BlackTeam "Harrow Juniors G"]

1. e4 e5 2. Nf3 Nf6 3. Nxe5 d6 4. Nf3 Nxe4 5. d4 d5 6. Bd3 Bb4+ 7. c3 Bd6 8.
O-O Bg4 9. Re1 Bxf3 10. Qxf3 O-O 11. Bxe4 dxe4 12. Rxe4 Nc6 13. Nd2 Qg5 14. Nc4
Qg6 15. Nxd6 cxd6 16. Rg4 Qe6 17. Be3 Ne7 18. Qe4 Qxe4 19. Rxe4 Ng6 20. f4 d5
21. Re5 Nxe5 22. dxe5 d4 23. Bxd4 Rfd8 24. Kf2 b5 25. Ke3 Rd7 26. g4 Re7 27.
Ke4 Re6 28. f5 Rh6 29. Rh1 Rh3 30. Kf4 Re8 31. Bxa7 Rd8 32. Bd4 Rd3 33. Ke4 Rh3
34. b3 b4 35. cxb4 Rd3 36. Kxd3 Rb8 37. Kc4 Rc8+ 38. Bc5 Ra8 39. a4 Rd8 40. b5
Rd2 41. a5 Rc2+ 42. Kb4 Rd2 43. a6 Rd8 44. b6 Ra8 45. b7 Rb8 46. a7 Rxb7+ 47.
Ka5 Rxa7+ 48. Bxa7 h6 49. Rc1 g6 50. fxg6 fxg6 51. Rf1 g5 52. e6 Kg7 53. e7 Kg6
54. e8=Q+ Kg7 55. Bd4+ Kh7 56. Qh8+ Kg6 57. Rf6# 1-0

[Event "Junior Online 4NCL Division 5"]
[Site "online"]
[Date "2020.04.16"]
[Round "1.57"]
[White "Wang, Xiling"]
[Black "Datta, Ishan"]
[Result "1-0"]
[WhiteElo "925"]
[BlackElo "1195"]
[PlyCount "97"]
[EventDate "2020.04.16"]
[WhiteTeam "Harrow Juniors G"]
[BlackTeam "May the Fork Be With You 2"]

1. e4 c6 2. Nf3 d5 3. Nc3 dxe4 4. Nxe4 Nd7 5. d4 e6 6. Bg5 Be7 7. Bxe7 Nxe7 8.
Bc4 O-O 9. O-O b5 10. Bb3 a5 11. Neg5 a4 12. Ne5 f6 13. Nxd7 Qxd7 14. Bxe6+ Kh8
15. Bxd7 Bxd7 16. Qh5 Bf5 17. g4 fxg5 18. gxf5 Rxf5 19. Rae1 g6 20. Qh3 Rf7 21.
Qe6 Raf8 22. Qe5+ Kg8 23. Qxg5 Nd5 24. Qh6 Nf4 25. Re4 Nd5 26. Qh3 Nb4 27. Rc1
Nxa2 28. Ra1 Nb4 29. c3 Nc2 30. Rc1 Nxd4 31. Rxd4 Rxf2 32. Rf1 Rxf1+ 33. Qxf1
Rxf1+ 34. Kxf1 c5 35. Rd8+ Kf7 36. Rd7+ Kg8 37. Rc7 c4 38. Rb7 h5 39. Rxb5 Kh7
40. Ra5 Kh6 41. Rxa4 g5 42. Rxc4 h4 43. b4 Kh5 44. b5 g4 45. b6 h3 46. b7 Kh4
47. b8=Q Kg5 48. Qf4+ Kh4 49. Qxg4# 1-0

[Event "Junior Online 4NCL Division 5"]
[Site "online"]
[Date "2020.04.16"]
[Round "1.58"]
[White "Barbier-Ramaiah, Rohan Theo"]
[Black "Patel, Ryan"]
[Result "1-0"]
[WhiteElo "1052"]
[BlackElo "700"]
[PlyCount "51"]
[EventDate "2020.04.16"]
[WhiteTeam "May the Fork Be With You 2"]
[BlackTeam "Harrow Juniors G"]

1. d4 d5 2. c4 c6 3. Nf3 f6 4. Bf4 e5 5. dxe5 fxe5 6. Bxe5 c5 7. cxd5 Nf6 8. d6
Qa5+ 9. Nbd2 Ne4 10. Bc3 Nxc3 11. bxc3 Qxc3 12. e3 Bxd6 13. Bb5+ Nc6 14. O-O
Qb4 15. Bxc6+ bxc6 16. Nb3 g5 17. Qxd6 g4 18. Qxc6+ Kd8 19. Qxa8 gxf3 20. Qxf3
Ke8 21. Rad1 Bg4 22. Qa8+ Kf7 23. Qxh8 Bxd1 24. Qxh7+ Kf8 25. Rxd1 Qc3 26. Rd8#
1-0

[Event "Junior Online 4NCL Division 5"]
[Site "online"]
[Date "2020.04.16"]
[Round "1.59"]
[White "Lyons, Joseph"]
[Black "Smith, Mia"]
[Result "1-0"]
[WhiteElo "1277"]
[BlackElo "1075"]
[PlyCount "35"]
[EventDate "2020.04.16"]
[WhiteTeam "May the Fork Be With You 2"]
[BlackTeam "Harrow Juniors G"]

1. e4 e5 2. Nf3 Nc6 3. Bb5 a6 4. Bxc6 dxc6 5. O-O Nf6 6. Nxe5 Nxe4 7. Qe2 Nc5
8. Nxc6+ Be7 9. Nxd8 Kxd8 10. Re1 Bf5 11. Qxe7+ Kc8 12. Qxc5 Rd8 13. Qxf5+ Kb8
14. Qxf7 Ka7 15. Qxc7 Rdc8 16. Qxg7 Rxc2 17. Qxh7 Rcc8 18. Nc3 1-0

[Event "Junior Online 4NCL Division 5"]
[Site "online"]
[Date "2020.04.16"]
[Round "1.60"]
[White "Patel-Davis, Riyan"]
[Black "Joshi, Aarav"]
[Result "0-1"]
[WhiteElo "902"]
[BlackElo "1150"]
[PlyCount "82"]
[EventDate "2020.04.16"]
[WhiteTeam "Harrow Juniors G"]
[BlackTeam "May the Fork Be With You 2"]

1. e4 c5 2. Bb5 a6 3. Bc4 b5 4. Bd5 Nc6 5. Bxc6 dxc6 6. d3 Nf6 7. Bg5 g6 8.
Bxf6 exf6 9. Nf3 Bg7 10. O-O O-O 11. Nc3 f5 12. Ng5 Qxg5 13. exf5 Bxf5 14. Ne4
Bxe4 15. dxe4 Rad8 16. Qf3 Bxb2 17. Rab1 Bg7 18. e5 Bxe5 19. Qxc6 Qh6 20. h3
Rd6 21. Qc7 Rd5 22. Qa5 Qf4 23. g3 Qa4 24. Qxa4 bxa4 25. Rb6 Rd6 26. Rxd6 Bxd6
27. Rd1 Rd8 28. Rd3 c4 29. Ra3 Bxa3 30. g4 Rd1+ 31. Kg2 Rd2 32. Kg3 Rxc2 33. g5
Rd2 34. Kf3 c3 35. Ke3 Bc5+ 36. Ke4 c2 37. f4 c1=Q 38. f5 Qc4+ 39. Ke5 Rd6 40.
fxg6 fxg6 41. h4 Qd4# 0-1

[Event "Junior Online 4NCL Division 5"]
[Site "online"]
[Date "2020.04.16"]
[Round "1.61"]
[White "Datta, Ishan"]
[Black "Wang, Xiling"]
[Result "1-0"]
[WhiteElo "1195"]
[BlackElo "925"]
[PlyCount "127"]
[EventDate "2020.04.16"]
[WhiteTeam "May the Fork Be With You 2"]
[BlackTeam "Harrow Juniors G"]

1. d4 d5 2. c4 dxc4 3. e4 e6 4. Nc3 Nc6 5. Bxc4 f5 6. exf5 exf5 7. Nf3 Na5 8.
O-O Nxc4 9. Bg5 Be7 10. Bxe7 Nxe7 11. Re1 O-O 12. b3 Nb2 13. Qc2 f4 14. Qxb2
Bg4 15. Qe2 Re8 16. h3 Bxf3 17. Qxf3 Qd7 18. Qxf4 Ng6 19. Qd2 Rxe1+ 20. Rxe1
Re8 21. Rxe8+ Qxe8 22. Nd5 h6 23. Nxc7 Qc8 24. Nd5 Kh7 25. Qd3 Qd7 26. Nf4 Qf7
27. Nxg6 Qxg6 28. Qxg6+ Kxg6 29. f4 Kf5 30. g3 Ke4 31. Kf2 Kxd4 32. g4 g6 33.
g5 hxg5 34. fxg5 Ke5 35. Kg3 Kf5 36. h4 a6 37. a4 a5 38. Kh3 b6 39. Kg3 Ke5 40.
Kg4 Kd5 41. h5 gxh5+ 42. Kxh5 Kc5 43. g6 Kb4 44. g7 Kxb3 45. g8=Q+ Kxa4 46.
Qa2+ Kb5 47. Qb2+ Ka6 48. Kg5 a4 49. Kf4 Ka5 50. Ke5 b5 51. Kd5 b4 52. Kc4 a3
53. Qe5+ Ka4 54. Qa1 b3 55. Qb1 a2 56. Qxb3+ Ka5 57. Qxa2+ Kb6 58. Qd2 Ka6 59.
Qb2 Ka5 60. Qb3 Ka6 61. Qb4 Ka7 62. Kc5 Ka8 63. Kc6 Ka7 64. Qb7# 1-0

[Event "Junior Online 4NCL Division 5"]
[Site "online"]
[Date "2020.04.16"]
[Round "1.62"]
[White "Patel, Ryan"]
[Black "Barbier-Ramaiah, Rohan Theo"]
[Result "1-0"]
[WhiteElo "700"]
[BlackElo "1052"]
[PlyCount "71"]
[EventDate "2020.04.16"]
[WhiteTeam "Harrow Juniors G"]
[BlackTeam "May the Fork Be With You 2"]

1. e4 e5 2. f4 Nc6 3. Nf3 exf4 4. d4 Bb4+ 5. c3 Be7 6. d5 Bh4+ 7. g3 fxg3 8.
hxg3 Bxg3+ 9. Kd2 Bf4+ 10. Ke1 Bxc1 11. dxc6 bxc6 12. Qxc1 Bb7 13. c4 c5 14.
Qc3 Nf6 15. e5 Qe7 16. Kd1 Bxf3+ 17. Qxf3 Qxe5 18. Qxa8+ Ke7 19. Qxh8 Ng4 20.
Rxh7 Nf2+ 21. Kc1 Qe1+ 22. Kc2 Qxf1 23. Rxg7 Qxc4+ 24. Nc3 Qd3+ 25. Kb3 c4+ 26.
Ka4 Qc2+ 27. b3 cxb3 28. Re1+ Kd6 29. Qh2+ Kc5 30. Rg5+ Kb6 31. Qg2 bxa2+ 32.
Kb4 Qb2+ 33. Ka4 Qb3+ 34. Kxb3 a1=Q 35. Rb5+ Ka6 36. Rxa1# 1-0

[Event "Junior Online 4NCL Division 5"]
[Site "online"]
[Date "2020.04.23"]
[Round "2.11"]
[White "Sapsford, Oliver"]
[Black "Jayakumar, Bharath"]
[Result "0-1"]
[WhiteElo "1359"]
[BlackElo "1255"]
[PlyCount "110"]
[EventDate "2020.04.23"]
[WhiteTeam "Entangled States"]
[BlackTeam "Harrow Juniors D"]

1. e3 d5 2. e4 dxe4 3. Nc3 Nf6 4. Bb5+ c6 5. Ba4 e6 6. Nge2 Bc5 7. Ng3 Qd4 8.
O-O O-O 9. d3 Nbd7 10. dxe4 b5 11. Bb3 Ba6 12. Nce2 Qxd1 13. Rxd1 Rad8 14. Bg5
h6 15. Bf4 e5 16. Bd2 Ng4 17. Ba5 Bxf2+ 18. Kf1 Bb6 19. Bb4 c5 20. Bc3 Ne3+ 21.
Ke1 Nxd1 22. Rxd1 c4 23. Bxc4 bxc4 24. Bb4 Bc5 25. Ba5 Nb6 26. Rxd8 Rxd8 27.
Nc3 Rd6 28. Nf5 Rf6 29. b3 cxb3 30. axb3 g6 31. Nxh6+ Kh7 32. Ng4 Rf1+ 33. Kd2
Bd4 34. Ne2 Bf2 35. Nf6+ Kh8 36. Ng4 Be1+ 37. Ke3 Bxa5 38. Nxe5 Re1 39. Nxf7+
Kg7 40. Ne5 Rxe2+ 41. Kf4 Bd2+ 42. Kg4 Bc8+ 43. Kf3 Re3+ 44. Kf2 Rxe4 45. Nf3
Be3+ 46. Kf1 Ba6+ 47. Ke1 Bf4+ 48. Kd1 Be2+ 49. Ke1 Bxf3+ 50. Kf2 Bd1 51. g3
Be3+ 52. Kg2 Nd5 53. Kh3 Bg4+ 54. Kg2 Bc5 55. Kf1 Bh3# 0-1